LEADER 01183cas--2200397---450- 001 990001063370203316 005 20170123180923.0 011 $a0042-1022 035 $a0106337 035 $aUSA010106337 035 $a(ALEPH)000106337USA01 035 $a0106337 100 $a20020327d--------km-y0itay0103----ba 101 $aita 102 $aIT 110 $aaha-------- 200 1 $aUrbanistica 207 $a1932- 210 $aTorino$cINU Edizioni 215 $avolumi$cill.$d32 cm 326 $aTrimestrale 606 0 $aUrbanistica$xPeriodici$2BNCF 676 $a711.05 801 0$aIT$bsalbc$gISBD 912 $a990001063370203316 958 $aECO$bFondo$c1955-1970; 1972; 1974-1981;$l1955; 1960-1961; 1963; 1965; 1967; 1979; 1981; 958 $aTEC$bFondo Marano$c1953; 1960; 1962-1974; 1976-1979; 1981-1990; 959 $aSE 979 $aPATTY$b90$c20020327$lUSA01$h1452 979 $c20020403$lUSA01$h1746 979 $aPATRY$b90$c20040406$lUSA01$h1714 979 $aVITTORIANA$b90$c20120322$lUSA01$h0953 979 $aANGELA$b90$c20170123$lUSA01$h1655 979 $aANGELA$b90$c20170123$lUSA01$h1809 996 $aUrbanistica$961622 997 $aUNISA LEADER 01439nam--2200421---450- 001 990002036090203316 005 20090325115708.0 010 $a88-420-7582-5 035 $a000203609 035 $aUSA01000203609 035 $a(ALEPH)000203609USA01 035 $a000203609 100 $a20040929d2005----km-y0enga50------ba 101 1 $aita 102 $aIT 105 $ay|||z|||001yy 200 1 $aMusulmani buoni e cattivi$ela guerra fredda e le origini del terrorismo$fMahmood Mamdani 210 $aRoma [etc.]$cGLF editori Laterza$d2005 215 $aXI, 330 p.$d21 cm 225 2 $a<> Robinson$iLetture 410 0$12001$a<> Robinson$iLetture 454 1$12001$aGood muslim, bad muslim. America, the cold war and the roots of terror$939088 461 1$1001------$12001 606 0 $aTerrorismo$xPaesi islamici 676 $a303.6250917671 700 1$aMAMDANI,$bMahmood$0243990 801 0$aIT$bsalbc$gISBD 912 $a990002036090203316 951 $a303.625 MAM 1 (ISP IV 1511)$b181400 L.M.$cISP IV$d00179928 959 $aBK 969 $aECO 979 $aMARIA$b10$c20040929$lUSA01$h1235 979 $aPECORARO$b90$c20051122$lUSA01$h1804 979 $aPECORARO$b90$c20051123$lUSA01$h0846 979 $aPECORARO$b90$c20051128$lUSA01$h1221 979 $aRSIAV2$b90$c20090325$lUSA01$h1157 996 $aGood muslim, bad muslim. America, the cold war and the roots of terror$939088 997 $aUNISA